Largest Settlements in the 3 counties - Statistics

General Stats
  • This quiz has been taken 6 times
    3 since last reset
  • The average score is 17 of 47
Answer Stats
County Status Answer % Correct
Gloucestershire Spa Town Cheltenham
100%
Gloucestershire City Gloucester
100%
Worcestershire Town Evesham
67%
Worcestershire Spa Town Great Malvern
67%
Herefordshire City Hereford
67%
Worcestershire Town Kidderminster
67%
Herefordshire Town Leominster
67%
Worcestershire Town Redditch
67%
Herefordshire Town Ross on Wye
67%
Gloucestershire Town Stroud
67%
Gloucestershire Town Tewkesbury
67%
Worcestershire City Worcester
67%
Gloucestershire Town Yate
67%
Worcestershire Town Bewdley
33%
Gloucestershire Village Bishops Cleeve
33%
Worcestershire Town Bromsgrove
33%
Herefordshire Town Bromyard
33%
Worcestershire Town Catshill
33%
Gloucestershire Town Cinderford
33%
Gloucestershire Town Cirencester
33%
Gloucestershire Town Coleford
33%
Worcestershire Spa town Droitwich Spa
33%
Gloucestershire Town Dursley
33%
Gloucestershire Town Filton
33%
Gloucestershire Village Frampton Cotterell / Winterbourne
33%
Gloucestershire Suburb Kingswood
33%
Herefordshire Village Kington
33%
Herefordshire Town Ledbury
33%
Gloucestershire Town Lydney
33%
Worcestershire Town Pershore
33%
Gloucestershire Town Stonehouse
33%
Worcestershire Town Stourport on severn
33%
Gloucestershire Town Tetbury
33%
Gloucesershire Town Thornbury
33%
Gloucestershire Town Wotton under Edge
33%
Gloucestershire Town Chalford
0%
Herefordshire Village Clehonger
0%
Herefordshire Village Credenhill
0%
Gloucestershire Suburb Downend
0%
Herefordshire Village Ewyas Harold
0%
Gloucestershire Village Innsworth
0%
Herefordshire Village Lugwardine
0%
Gloucestershire Town Nailsworth
0%
Gloucestershire Suburb Staple Hill
0%
Herefordshire Village Weobley
0%
Gloucestershire Town Winchcombe
0%
Herefordshire Village Withington
0%
No matching quizzes found
Score Distribution
Percent of People with Each Score
Percentile by Number Answered
Your Score History
You have not taken this quiz since the last reset